| 000 | 00619cam a2200229 4500 | ||
|---|---|---|---|
| 001 | J2894 | ||
| 008 | 090401t1994 xxu||||| |||| 00| 0 eng d | ||
| 035 | _a(Sirsi) u51726 | ||
| 041 | _aeng | ||
| 050 | _a333.332025 | ||
| 110 |
_aValuation Office _9264 |
||
| 245 | _aDirectory (of) District Valuers and Valuation Officers: England & Wales. - November 1994 | ||
| 260 |
_aLondon _bValuation Office _c1994 |
||
| 300 | _a(42) ; 30cm. | ||
| 350 | _a0 | ||
| 650 | _aDIRECTORIES | ||
| 650 | _aDISTRICT VALUERS | ||
| 650 | _aVALUATION OFFICERS | ||
| 690 | _aRATING AND VALUATION | ||
| 942 | _n0 | ||
| 948 | _c04/03/1997 | ||
| 999 |
_c92942 _d92942 |
||